| 000 | 00935cab a2200217 4500 | ||
|---|---|---|---|
| 001 | ABS41117 | ||
| 008 | 090401t1989 xxu||||| |||| 00| 0 eng d | ||
| 035 | _a(Sirsi) u28317 | ||
| 041 | _aeng | ||
| 100 | _aKenny, P.H. | ||
| 245 | 4 | _aThe use of licences: residential property | |
| 260 | _c1989 | ||
| 350 | _a0 | ||
| 490 |
_aLaw Society`s Gazette _v86(28) 19 July 1989, 25-26(2) |
||
| 520 | _aIn the light of recent court decisions and changes in landlord and tenant legislation, this article considers whether licences are still viable as a way of raising income from residential property. Concludes with a summary of circumstances in which a licence can be used. | ||
| 650 | _aPROPERTY-RESIDENTIAL PROPERTY-RESIDENTIAL LANDLORD AND TENANT-RESIDENTIAL TENANCIES | ||
| 690 | _aPROPERTY-RESIDENTIAL PROPERTY-RESIDENTIAL LANDLORD AND TENANT-RESIDENTIAL TENANCIES | ||
| 700 | _aKenny, A.M. | ||
| 942 | _n0 | ||
| 948 | _c04/03/1997 | ||
| 999 |
_c19082 _d19082 |
||